[Event "Titled Tuesday intern op 21st Feb Early"]
[Site "Chess.com INT"]
[Date "2023.02.21"]
[Round "11"]
[White "Bogaudinov, Rushan"]
[Black "Valle Maytin, Luis Enrique"]
[Result "1-0"]
[WhiteElo "1939"]
[BlackElo "2240"]
[PlyCount "92"]
[EventDate "2023.02.21"]
[EventType "swiss (blitz)"]
[EventRounds "11"]
[EventCountry "USA"]
[SourceTitle "CBM 212 Extra"]
[Source "ChessBase"]
[SourceDate "2023.03.31"]
[SourceVersion "1"]
[SourceVersionDate "2023.03.31"]
[SourceQuality "1"]

1. a3 d5 2. e3 Nf6 3. Nf3 g6 4. d4 Bg7 5. c4 0-0 6. b4 c6 7. Bb2 Nbd7 8. Nc3 Re8 9. cxd5 cxd5 10. Bb5 a6 11. Bxd7 Bxd7 12. Ne5 Rc8 13. 0-0 Bf5 14. Rc1 Ne4 15. Nxe4 Bxe4 16. f3 Bf5 17. Qb3 Be6 18. Rxc8 Qxc8 19. Rc1 Qd8 20. Nd3 b6 21. Nf4 Qd6 22. Nxe6 Qxe6 23. Qc3 Bh6 24. Kf2 Bg7 25. Qc6 Rd8 26. Qxe6 fxe6 27. f4 Kf7 28. Rc7 Ke8 29. Ra7 Rb8 30. Rxa6 Kd7 31. Ra7+ Kd6 32. a4 b5 33. a5 Bf8 34. Ke2 Kc6 35. Kd3 h6 36. Bc3 g5 37. fxg5 hxg5 38. Be1 Rb7 39. Ra6+ Kd7 40. Bg3 Bg7 41. Ra8 Bf6 42. a6 Rb6 43. a7 Ra6 44. Ke2 Bg7 45. Rg8 Rxa7 46. Rxg7 Ra2+ 1-0

[Event "Titled Tuesday intern op 21st Feb Early"]
[Site "Chess.com INT"]
[Date "2023.02.21"]
[Round "1"]
[White "Costachi, Mihnea"]
[Black "Valle Maytin, Luis Enrique"]
[Result "1-0"]
[WhiteElo "2476"]
[BlackElo "2240"]
[PlyCount "71"]
[EventDate "2023.02.21"]
[EventType "swiss (blitz)"]
[EventRounds "11"]
[EventCountry "USA"]
[SourceTitle "CBM 212 Extra"]
[Source "ChessBase"]
[SourceDate "2023.03.31"]
[SourceVersion "1"]
[SourceVersionDate "2023.03.31"]
[SourceQuality "1"]

1. Nc3 d5 2. d4 c6 3. Bf4 Nf6 4. e3 g6 5. Nf3 Bg7 6. h3 0-0 7. Be2 Re8 8. 0-0 Nbd7 9. Bh2 b6 10. a4 Bb7 11. a5 c5 12. a6 Bc6 13. Nb5 Rf8 14. c4 dxc4 15. Bxc4 Ne4 16. Qc2 Kh8 17. Nc7 Rc8 18. d5 Rxc7 19. dxc6 Rxc6 20. Qxe4 Rf6 21. Rfd1 Qc8 22. Rd2 Re8 23. Rad1 Nf8 24. Bb5 Ne6 25. Bxe8 Qxe8 26. Qxe6 fxe6 27. Rd8 Rf8 28. Rxe8 Rxe8 29. Rd7 Bxb2 30. Rxa7 b5 31. Rb7 Ra8 32. Rb8+ Rxb8 33. Bxb8 c4 34. a7 c3 35. a8Q c2 36. Be5# 1-0

[Event "Platja d'Aro"]
[Site "Platja d'Aro"]
[Date "2022.12.30"]
[Round "8"]
[White "Romero Pallares, Daniel"]
[Black "Valle Maytin, Luis Enrique"]
[Result "1/2-1/2"]
[WhiteElo "2295"]
[BlackElo "2268"]
[PlyCount "134"]
[EventDate "2022.12.26"]
[EventType "tourn"]
[EventRounds "9"]
[EventCountry "ESP"]
[EventCategory "2"]
[SourceTitle "CBM 211 Extra"]
[Source "ChessBase"]
[SourceDate "2023.01.31"]
[SourceVersion "1"]
[SourceVersionDate "2023.01.31"]
[SourceQuality "1"]

1. e4 c6 2. Nc3 d5 3. Nf3 dxe4 4. Nxe4 Nf6 5. Qe2 Nxe4 6. Qxe4 Nd7 7. d4 Nf6 8. Qd3 g6 9. Be2 Bg7 10. 0-0 Bf5 11. Qb3 Qb6 12. c3 0-0 13. Re1 Rfe8 14. Bf4 Nd5 15. Bg3 Bh6 16. Qa3 Bf8 17. Ne5 f6 18. Nc4 Qd8 19. Qb3 Qd7 20. Ne3 Be6 21. c4 Nxe3 22. Qxe3 Bf5 23. Rac1 h5 24. h4 Kh7 25. Red1 Bh6 26. Bf4 Bxf4 27. Qxf4 Qd6 28. Qe3 e6 29. c5 Qc7 30. b4 Rad8 31. Bf3 a6 32. a4 Re7 33. b5 axb5 34. axb5 cxb5 35. Qb3 Bg4 36. Bxg4 hxg4 37. Qxb5 g3 38. Qe2 Rd5 39. Rc3 gxf2+ 40. Qxf2 Rf5 41. Rf3 Rxf3 42. Qxf3 Kg7 43. Rf1 Rf7 44. h5 gxh5 45. Qxh5 Qg3 46. Rf3 Qg6 47. Qh4 Qb1+ 48. Rf1 Qg6 49. Qf4 Rd7 50. Rf3 Kf7 51. Rg3 Qh5 52. Qb8 Qh7 53. Qc8 Re7 54. Qd8 f5 55. Rh3 Qg8 56. Qd6 Qg7 57. Rg3 Qh6 58. Rh3 Qg7 59. Rb3 Qg4 60. Rf3 Qe4 61. Rh3 f4 62. Qd8 Re8 63. Qd7+ Re7 64. Qd8 Re8 65. Qc7+ Re7 66. Qd6 Re8 67. Qd7+ Re7 1/2-1/2

[Event "Platja d'Aro"]
[Site "Platja d'Aro"]
[Date "2022.12.29"]
[Round "6"]
[White "Lazaro Pujol, Abel"]
[Black "Valle Maytin, Luis Enrique"]
[Result "1-0"]
[WhiteElo "2348"]
[BlackElo "2268"]
[PlyCount "89"]
[EventDate "2022.12.26"]
[EventType "tourn"]
[EventRounds "9"]
[EventCountry "ESP"]
[EventCategory "2"]
[SourceTitle "CBM 211 Extra"]
[Source "ChessBase"]
[SourceDate "2023.01.31"]
[SourceVersion "1"]
[SourceVersionDate "2023.01.31"]
[SourceQuality "1"]

1. e4 c5 2. Nf3 Nc6 3. d4 cxd4 4. Nxd4 g6 5. c4 Nf6 6. Nc3 Nxd4 7. Qxd4 d6 8. Be3 Bg7 9. f3 0-0 10. Qd2 Be6 11. Rc1 a5 12. b3 Nd7 13. Be2 Nc5 14. 0-0 Qb6 15. Nb5 Rfc8 16. Rb1 Qd8 17. Rfc1 Bd7 18. Nc3 Bc6 19. Rc2 b6 20. a3 Ra7 21. Bf1 h5 22. Qf2 Kh7 23. Ne2 Rb7 24. Nd4 e5 25. Nb5 Bxb5 26. cxb5 d5 27. exd5 Bf8 28. b4 axb4 29. axb4 Nd7 30. Rxc8 Qxc8 31. Qd2 Bd6 32. Rc1 Qf8 33. Rc4 Rc7 34. Rxc7 Bxc7 35. Qc3 Qd6 36. Qc6 Kg7 37. g3 f5 38. Bg5 Nf6 39. Bc4 Nd7 40. Bd2 Nf6 41. Bc3 Ng8 42. f4 Qxc6 43. bxc6 Kf6 44. d6 Bxd6 45. fxe5+ 1-0